000 00844nam a2200229 a 4500
001 000048327
003 DO-SdBNP
005 20220511101412.0
007 ta
008 190130s2018 dr r 000 0 spa d
020 _a9789945609462
040 _aDO-SdBNP
_bspa
_cBNPHU
082 4 _a016.72932
_bD542b
_222
100 _aDíaz Melo, Ismael,
_d1962-
_933370
245 1 0 _aBibliografía del sur dominicano /
_cIsmael Díaz Melo.
260 _aSanto Domingo :
_bSantuario,
_c2018.
300 _a205 p. ;
_c24 cm.
505 0 _aAzua --
_tBahoruco --
_tBarahona --
_tElías Piña --
_tIndependencia --
_tPedernales --
_tPeravia --
_tSan Cristóbal --
_tSan José de Ocoa --
_tSan Juan de la Maguana --
_tDe interés general.
590 _aInventariado, 2019 / DG
651 4 _aRepública Dominicana, Suroeste
_vBibliografías
_981589
942 _2ddc
_cLBS1
999 _c47815
_d47815